000 01024nmc a2200385 a 4500
003 AR-BaBNM
005 20251128204810.0
008 106019s1985 ||||||||||||||000 | spa||
020 _a950-23-0184-6
040 _cAR-BaBNM
100 1 _aVázquez Lucio, Oscar E.
245 1 0 _aHistoria del humor gráfico y escrito en la Argentina
_nTomo 1
250 _a1ª ed.
260 _aBuenos Aires
_bEudeba
_c1985
300 0 _a411 p.
_bil., facsím.
490 0 _aTemas
500 0 _aSiulnas: seudónimo del autor en portada
500 0 _aApéndice: p. 405-409
610 2 4 _aEl Mosquito
650 4 _aHUMOR
650 4 _aHISTORIA LITERARIA
650 4 _aSATIRA
650 4 _aPERIODICOS
650 4 _aCRITICA LITERARIA
650 4 _aPUBLICACIONES PERIODICAS POPULARES
650 4 _aLITERATURA POPULAR
650 4 _aHISTORIA POLITICA
650 4 _aHISTORIA CULTURAL
651 4 _aArgentina
653 0 _aCARICATURAS
653 0 _aHISTORIETAS
655 _aLITERATURA
942 _cBK
998 _csole
999 _c8874
_d8874